| 000 | 00968nas a2200337 4500 | ||
|---|---|---|---|
| 001 | BR0503311 | ||
| 003 | BR-BrBNA | ||
| 005 | 20231205105503.0 | ||
| 007 | ta | ||
| 008 | 230509b bl.|||p| |||| 00| 00por d | ||
| 040 |
_aBR-BrBNA _bpor _cBiblioteca Nacional de Agricultura |
||
| 041 | _a(En) | ||
| 072 | _aP33 | ||
| 100 | 1 | _aMachado, C.C. | |
| 100 | 1 | _aPereira, R.S. | |
| 100 | 1 | _aLima, D.C. de | |
| 100 | 1 | _aPortugal, C.R.M. e | |
| 100 | 1 | _aPires, J.M.M. | |
| 100 | 1 | _aVieira, G. da S. | |
| 245 | 1 | _aIndustrial solid waste (Whitewash mud)use in forest road pavements | |
| 650 | _aRESÍDUO INDUSTRIAL | ||
| 650 | _aRESÍDUO SÓLIDO | ||
| 650 | _aANÁLISE DO SOLO | ||
| 650 | _aPAVIMENTAÇÃO | ||
| 650 | _aESTRADA DE RODAGEM | ||
| 650 | _aFLORESTA | ||
| 650 | _aBAHIA | ||
| 773 | 0 |
_tRevista Árvore (Brazil) _xISSN 0100-6762 _g(Jul-Aug 2004), v. 28(4) p. 547-551 _wBR0503311 |
|
| 909 |
_a202311 _bLúcia _c55 _dLúcia Elande |
||
| 942 |
_2AGRIS _n0 _cANA |
||
| 999 |
_c183221 _d183221 |
||